Mesa cultural
Spremljeno u:
| Autor kompanije: | |
|---|---|
| Format: | Tekst |
| Izdano: |
Madrid:
Huertas
|
| Oznake: |
Dodaj oznaku
Bez oznaka, Budi prvi tko označuje ovaj zapis!
|
MARC
| LEADER | 00000 a a2200000 04500 | ||
|---|---|---|---|
| 001 | 25465 | ||
| 003 | |||
| 040 | |||
| 090 | |a 152528 | ||
| 110 | |a Instituto de Cooperación Iberoaméricana | ||
| 245 | |a Mesa cultural | ||
| 260 | |a Madrid: |b Huertas | ||
| 300 | |a 516 p. |b il. | ||
| 999 | |c 11561 |d 11561 | ||
